Flags of Romance-speaking countries in Europe - Statistics

General Stats
  • This quiz has been taken 30 times
  • The average score is 11 of 12
Answer Stats
Picture Answer % Correct
France - French
100%
Italy - Italian
100%
Portugal - Portuguese
100%
Spain - Spanish
100%
Romania - Romanian
96%
San Marino - Italian
96%
Vatican City - Italian
96%
Andorra - Catalan
88%
Moldova - Romanian
88%
Monaco - French
88%
Catalonia (region in Spain) - Catalan
64%
Wallonia (region in Belgium) - French
60%
No matching quizzes found
Score Distribution
Percent of People with Each Score
Percentile by Number Answered
Your Score History
You have not taken this quiz